Metodología de la investigación científica y bioestadística: para médicos, odontólogos y estudiantes de ciencias de la salud

Saved in:
書目詳細資料
主要作者: Díaz Narváez, Víctor Patricio
格式: 圖書
語言:西班牙语
出版: Santiago, Chile RIL 2006
Santiago Universidad Finis Terrae 2006
主題:
標簽: 添加標簽
沒有標簽, 成為第一個標記此記錄!

MARC

LEADER 00000nam a2200000 a 4500
001 UCH9097
003 CL-VaPUC
005 20211027195848.0
008 091224e20060000cl |||||||||||||||||spa|d
999 |c 339161  |d 339159 
020 |a 9562844854 
040 |c Pontificia Universidad Católica de Valparaíso 
082 0 4 |a 001.42 DIA 2006  |2 21 
100 0 |a Díaz Narváez, Víctor Patricio  |9 545985 
245 1 0 |a Metodología de la investigación científica y bioestadística: para médicos, odontólogos y estudiantes de ciencias de la salud 
260 0 3 |a Santiago, Chile  |b RIL  |c 2006 
260 |a Santiago  |b Universidad Finis Terrae  |c 2006 
300 |a 328 páginas 
583 |a last modification  |c 20171211 02:37:59  |k Rodrigo Vera 
650 0 |a Investigación científica  |9 259857 
650 7 |a METODOS CIENTIFICOS  |2 CL-VaPUC  |9 317952 
650 7 |a METODOLOGIA CIENTIFICA  |2 CL-VaPUC  |9 261770 
650 0 |a Bioestadística  |9 261187 
942 |c BK  |2 ddc 
945 |d 20091224 00:00:00  |a rbrito 
952 |0 0  |1 0  |2 ddc  |4 0  |6 001_420000000000000_DIA_2006  |7 0  |8 A  |9 432638  |a BIBCUR  |b BIBCUR  |d 2019-11-22  |i 4628799  |o 001.42 DIA 2006  |p 4628799  |r 2025-04-22  |t 1  |w 2019-11-22  |y BK  |k BIO